Loreto College Library, Kolkata
WEBOPAC (ONLINE PUBLIC ACCESS CATALOGUE)

Manorama yearbook 2002 (Record no. 30867)

MARC details
000 -LEADER
fixed length control field 00514nam a2200193Ia 4500
008 - FIXED-LENGTH DATA ELEMENTS--GENERAL INFORMATION
fixed length control field 131103s9999 xx 000 0 und d
020 ## - ISBN | অাই এস বি এন
PRICE Rs.90
040 ## - CATALOGING SOURCE
Original cataloging agency Loreto College
041 ## - LANGUAGE CODE
Language code English
082 ## - DDC | ডিউই
Classification number | বর্গসংখ্যা REF/MAL
Book Number | গ্রন্থাঙ্ক LCBED/13546
245 ## - TITLE STATEMENT | অাখ্যা বিবরণী
Title | অাখ্যা Manorama yearbook 2002
Statement of responsibility | লেখকের দায়িত্বের বিবরণ Edited by K.M. Mathew
260 ## - IMPRINT | প্রকাশনা ক্ষেত্র
Place of publication | প্রকাশ স্থান Kottayam
Name of publisher | প্রকাশকের নাম Malayala Manorama
Date of publication | প্রকাশ কাল 2002
300 ## - PHYSICAL DESCRIPTION |
Page / Vol. No | পৃষ্ঠা / খন্ড সংখ্যা 832p.
Other physical details | অনান্য বাহ্যিক বিবরণ ill.,map, table
504 ## - BIBLIOGRAPHY, ETC. NOTE
Bibliography, etc Includes index
650 ## - SUBJECT ADDED ENTRY--TOPICAL TERM | বিষয় শিরোনাম - মূল বিষয়
Topical term | মূল বিষয় IQ
700 ## - ADDED ENTRY--PERSONAL NAME | অতিরিক্ত সংলেখ - ব্
Personal name | ব্যাক্তিনাম Mathew, K.M; ed.
850 ## - HOLDING INSTITUTION
Holding institution LCBED/REF/MAL
942 ## - ADDED ENTRY ELEMENTS (KOHA)
Koha item type Books
Holdings
Withdrawn status Lost status Damaged status Not for loan Home library Current library Date acquired Total Checkouts Full call number Accession No. Date last seen Price effective from Koha item type
        Loreto College Loreto College 04/11/2013   REF/MAL LCBED/13546 B33714 04/11/2013 04/11/2013 Books